Państwa Osi - Flagi - Statystyki

Ogólne statystyki
  • Ten quiz został rozwiązany 5 122 razy
    4 412 od ostatniego zresetowania
  • Średni wynik to 17 z 28
Statystyki odpowiedzi
Obrazkowy Odpowiedź % Poprawnych
Japonia
99%
Niemcy
97%
Rumunia
97%
Włochy
97%
Finlandia
95%
Węgry
93%
Bułgaria
91%
Chorwacja
89%
Serbia
84%
Francja
83%
Indie
79%
Czarnogóra
74%
Syjam
71%
Albania
67%
Filipiny
62%
Chiny
54%
Jugosławia
51%
Laos
50%
Grecja
47%
Słowacja
42%
Irak
37%
Wolne Miasto Gdańsk
30%
Wietnam
28%
Mandżukuo
27%
Birma
20%
Kambodża
19%
Włoska Republika Socjalna
6%
Mengjiang
4%
Nie znaleziono quizów pasujących do podanych kryteriów
Rozkład punktacji
Procent ludzi z każdym wynikiem
Percentyl według liczby udzielonych odpowiedzi
Twoja historia wyników
Nie rozwiązałeś tego quizu od ostatniego zresetowania